| 000 -CABECERA |
| Longitud fija campo de control |
00764nam a22001937a 4500 |
| 003 - IDENTIFICADOR DEL NÚMERO DE CONTROL |
| Identificador del número de control |
OSt |
| 005 - FECHA Y HORA DE LA ÚLTIMA TRANSACCIÓN |
| Fecha y hora de la última transacción |
20130422192402.0 |
| 008 - CÓDIGOS DE INFORMACIÓN DE LONGITUD FIJA |
| Códigos de información de longitud fija |
130409s2012 sp ||||| |||| 00| 0 spa d |
| 020 ## - NÚMERO INTERNACIONAL NORMALIZADO PARA LIBROS |
| Número Internacional Normalizado para Libros (ISBN) |
9788493850432 |
| 040 ## - FUENTE DE LA CATALOGACIÓN |
| Centro transcriptor |
CDMR |
| 245 00 - MENCIÓN DE TÍTULO |
| Título |
Estudio de detección de necesidades específicas de formación en el hipersector audiovisual-TIC de Andalucía |
| Mención de responsabilidad, etc. |
elaborado por Fundación Audiovisual de Andalucía ; dirección May Silva Ortega |
| 260 ## - PUBLICACIÓN, DISTRIBUCIÓN, ETC. (PIE DE IMPRENTA) |
| Lugar de publicación, distribución, etc. |
[Sevilla] |
| Nombre del editor, distribuidor, etc. |
Fundación Audiovisual de Andalucía |
| 260 ## - PUBLICACIÓN, DISTRIBUCIÓN, ETC. (PIE DE IMPRENTA) |
| Nombre del editor, distribuidor, etc. |
RTVA. Radio y Televisión de Andalucía |
| Fecha de publicación, distribución, etc. |
DL 2012 |
| 300 ## - DESCRIPCIÓN FÍSICA |
| Extensión |
318 p. |
| Otras características físicas |
il. col. |
| 650 04 - PUNTO DE ACCESO ADICIONAL DE MATERIA - TÉRMINO DE MATERIA |
| 9 (RLIN) |
3092 |
| Término de materia o nombre geográfico como elemento inicial |
Indústria audiovisual |
| Subdivisión cronológica |
Andalusia |
| 650 04 - PUNTO DE ACCESO ADICIONAL DE MATERIA - TÉRMINO DE MATERIA |
| 9 (RLIN) |
3083 |
| Término de materia o nombre geográfico como elemento inicial |
Competències professionals |
| 710 2# - PUNTO DE ACCESO ADICIONAL - NOMBRE DE ENTIDAD |
| 9 (RLIN) |
3116 |
| Nombre de entidad o nombre de jurisdicción como elemento inicial |
Fundación Audiovisual de Andalucía |
| 942 ## - ENTRADA DE ELEMENTOS AGREGADOS (KOHA) |
| Fuente de clasificaión o esquema |
|
| Koha [por defecto] tipo de item |
Monografies |